Hollywood Walk of Fame Categories - Statistics

General Stats
  • This quiz has been taken 64 times
  • The average score is 2 of 5
Answer Stats
Category % Correct
Audio Recording / Music
93%
Broadcast Television
67%
Broadcast Radio
35%
Theatre / Live Performance
35%
Motion Pictures
19%
No matching quizzes found
Score Distribution
Percent of People with Each Score
Percentile by Number Answered
Your Score History
You have not taken this quiz